000 00487nam a2200181Ia 4500
008 151018s9999 xx 000 0 und d
082 _bRBASDV7775
_a891.463
100 _aवसंत देशमुख
245 _aदूवा
250 _b1
260 _bनिशिगंधा
_c1969
300 _a80
600 _aवसंत देशमुख
630 _aदूवा
700 _aवसंत देशमुख
730 _aदूवा
942 _cBOOK
999 _c1010140
_d1010137